UBT Library

Neurologic interventions for physical therapy / (Record no. 44903)

000 -LEADER
fixed length control field 00854cam a22002897a 4500
001 - CONTROL NUMBER
control field 14735166
005 - DATE AND TIME OF LATEST TRANSACTION
control field 20180313084825.0
008 - FIXED-LENGTH DATA ELEMENTS--GENERAL INFORMATION
fixed length control field 070215s2007 moua 000 0 eng d
010 ## - LIBRARY OF CONGRESS CONTROL NUMBER
LC control number 2007271311
016 7# - NATIONAL BIBLIOGRAPHIC AGENCY CONTROL NUMBER
Record control number 101287349
Source DNLM
020 ## - INTERNATIONAL STANDARD BOOK NUMBER
International Standard Book Number 9780721604275
020 ## - INTERNATIONAL STANDARD BOOK NUMBER
International Standard Book Number 0721604277
035 ## - SYSTEM CONTROL NUMBER
System control number (OCoLC)ocm71295745
040 ## - CATALOGING SOURCE
Original cataloging agency AIC
Transcribing agency AIC
Modifying agency NLM
-- DLC
041 ## - LANGUAGE CODE
Language code of text/sound track or separate title eng
042 ## - AUTHENTICATION CODE
Authentication code lccopycat
060 00 - NATIONAL LIBRARY OF MEDICINE CALL NUMBER
Classification number 2006 K-418
060 10 - NATIONAL LIBRARY OF MEDICINE CALL NUMBER
Classification number WL 140
Item number M383n 2007
080 ## - UNIVERSAL DECIMAL CLASSIFICATION NUMBER
Universal Decimal Classification number 616.8046 MAR
082 00 - DEWEY DECIMAL CLASSIFICATION NUMBER
Classification number 616.8046 MAR
Edition number 22
100 1# - Rafti
Rafti 7
101 ## - Shkurtesa
Shkurtesa NEU
245 10 - TITLE STATEMENT
Title Neurologic interventions for physical therapy /
Statement of responsibility, etc Suzanne Tink Martin and Mary Kessler.
906 ## - LOCAL DATA ELEMENT F, LDF (RLIN)
a 7
b cbc
c copycat
d 2
e ncip
f 20
g y-gencatlg
942 ## - ADDED ENTRY ELEMENTS (KOHA)
Source of classification or shelving scheme
Item type Books
Holdings
Withdrawn status Lost status Source of classification or shelving scheme Damaged status Not for loan Collection code Permanent location Current location Shelving location Date acquired Total Checkouts Full call number Barcode Date last seen Price effective from Koha item type
          Koleksioni i përgjithshem UBT - Lipjan UBT - Lipjan Koleksioni i përgjithshem 03/13/2018   616.8046 MAR 002-3002076 03/13/2018 03/13/2018 Books
UBT Library © 2015-2024. All rights reserved University Education for Business and Technology